| 000 | 00808nam a2200229 a 4500 | ||
|---|---|---|---|
| 999 |
_c4347 _d4347 |
||
| 001 | 4347 | ||
| 003 | BD-JhCC | ||
| 005 | 20171126200943.0 | ||
| 008 | 171126s1997 bg |||| ||a| 000 0 ben d | ||
| 020 | _a9844100704 | ||
| 035 | _a(BD-JhCC)4347 | ||
| 040 |
_aBD-JhCC _dBD-JhCC |
||
| 041 | _aben | ||
| 082 |
_a341.2595492 _bGEN 1997 |
||
| 245 |
_aগঙ্গার পানিচুক্তি প্রেক্ষিত ও সম্ভাবনা / _cতারেক শামসুর রেহমান (সম্পাদনা) |
||
| 260 |
_aঢাকা : _bমাওলা ব্রাদার্স, _c1997. |
||
| 300 |
_a101 p. : _c22 cm. |
||
| 650 |
_aWater deal _zBangladesh _zIndia |
||
| 700 | _aরেহমান, তারেক শামসুর | ||
| 942 |
_2ddc _cBK |
||